000 00299nam a22001337a 4500
008 170612b xxu||||| |||| 00| 0 eng d
020 _a0231063490
041 _aeng
080 _a32
100 _a19
101 _aSHP
245 _aNEOREALISM AND ITS CRITICS
_cKEOHANE.R.O
942 _2udc
_cBK
999 _c16826
_d16826